000 00342nam a2200133 i 4500
001 bg
100 1 _aHRYNIEWIECKI, Mieczysław
245 0 _aSam naprawiam samochód :
_bZastawa 1110 P /
_cMieczysław Hryniewiecki.
260 _aWarszawa,
_c1983.
040 _cBPK
041 _apol
942 _cKS
008 s pl f |000 0 pol
999 _c1943
_d1943
856 _uhttp://koha.tu.koszalin.pl/cgi-bin/koha/opac-detail.pl?biblionumber=1943
_yKatalog online BPK